Integrated approach to software engineering (Record no. 29590)

MARC details
000 -LEADER
fixed length control field 00493nam a2200181Ia 4500
008 - FIXED-LENGTH DATA ELEMENTS--GENERAL INFORMATION
fixed length control field 230917s9999||||xx |||||||||||||| ||und||
020 ## - ISBN
Price RS495
040 ## - CATALOGING SOURCE
-- 252554
Original cataloging agency VIVEKANANDA LIBRARY
041 ## - Language
-- English
082 ## - DDC NUMBER
Classification number 005.1 J219I(3)
100 ## - MAIN ENTRY--PERSONAL NAME
Personal name Jalote, Pankaj
245 #0 - TITLE STATEMENT
Title Integrated approach to software engineering
250 ## - EDITION STATEMENT
Edition statement 3rd ed.
260 ## - PUBLICATION, DISTRIBUTION, ETC. (IMPRINT)
Place of publication, distribution, etc New Delhi
Name of publisher, distributor, etc Narose Publishing
Date of publication, distribution, etc 2019
300 ## - PHYSICAL DESCRIPTION
Pages xiii, 495 p.
500 ## - GENERAL NOTE
General note 3373 24/12/2018 PBA19/924 04/01/2019 Main Budget
942 ## - ADDED ENTRY ELEMENTS (KOHA)
Koha item type Books
Holdings
Withdrawn status Lost status Damaged status Not for loan Location (home branch) Sublocation or collection (holding branch) Date acquired Koha issues (times borrowed) Koha full call number Accession No. Koha date last seen Koha item type
        VIVEKANANDA LIBRARY VIVEKANANDA LIBRARY 23/01/2019   005.1 J219I(3) 382004 17/09/2023 Books
        VIVEKANANDA LIBRARY VIVEKANANDA LIBRARY 23/01/2019   005.1 J219I(3) 382005 17/09/2023 Books
        VIVEKANANDA LIBRARY VIVEKANANDA LIBRARY 23/01/2019   005.1 J219I(3) 382006 17/09/2023 Books
        VIVEKANANDA LIBRARY VIVEKANANDA LIBRARY 23/01/2019   005.1 J219I(3) 382007 17/09/2023 Books
        VIVEKANANDA LIBRARY VIVEKANANDA LIBRARY 23/01/2019   005.1 J219I(3) 382186 17/09/2023 Books
© Designed and Maintained by Vivekananda Library, MDU Rohtak